| 000 | 00865nam a22002897a 4500 | ||
|---|---|---|---|
| 003 | CHAP | ||
| 005 | 20220329134637.0 | ||
| 008 | 971013s1973 r 00010 d | ||
| 010 | _a23519 | ||
| 011 | _a24491 | ||
| 035 | _a28590 | ||
| 040 | _cCHAP | ||
| 082 |
_a631.71 _bC4 1973 |
||
| 100 | 0 | 0 |
_aChevalier, Richard. _922196 |
| 245 |
_aRadiestesia _b: alumbramiento de aguas ocultas y búsqueda de minerales |
||
| 250 | _a6 ed. | ||
| 260 |
_aBarcelona : _bSintes, _c1973 |
||
| 300 |
_a215 p. _b: ilus |
||
| 590 |
_aBATCH-UPD _b10 _c20130110 _lUCH01 _h2104 |
||
| 590 |
_aBATCH-UPD _b10 _c20130410 _lUCH01 _h1416 |
||
| 590 |
_aCONVERSION _b10 _c20130109 _lUCH01 _h1314 |
||
| 650 | 1 | 4 |
_aAgua subterranea. _92456 |
| 650 | 1 | 4 |
_aMinas y recursos minerales. _975905 |
| 901 | _aBK | ||
| 942 | _cLIBRO | ||
| 949 |
_a631.71 C4 1973 _bBC _cLIBRO _d-65879 _eLIBRO _h33664 _i28590 _si |
||
| 999 |
_c23519 _d23519 |
||